000 00632nam a2200217 a 4500
001 12203
003 CO-ViMGA
008 141112s2004 ck r 000 u spa d
020 _a843442004X
040 _aCO-ViMGA
_bspa
_cCO-ViMGA
082 0 4 _a330.182 H35t
100 1 _aHenderson, James
_917311
245 1 0 _aTeoria microeconomica
250 _a3
260 _aBarcelona,
_cEd. Ariel S.A.,
_c1995
300 _a534 p.
590 _aForma de adquisición : compra - - Precio : 47.000 - - Proveedor : FIS - - Fecha de adquisición : Ag. 23, 2000
650 1 4 _aEconomía - TEORIA
650 1 4 _aMICROEconomía
942 _2ddc
_cBK
999 _c23217
_d23217